|
|
|
|
| LEADER |
00903cam a2200265 a 4500 |
| 001 |
c000393296 |
| 003 |
CARM |
| 005 |
20130328112922.0 |
| 008 |
130328s1880 nyu 001 0 eng d |
| 019 |
1 |
|
|a 69793400
|5 LACONCORD2021
|
| 035 |
|
|
|a (OCoLC)1267583867
|5 LACONCORD2021
|
| 040 |
|
|
|a AU@
|b eng
|c AU@
|d VCAV
|
| 082 |
0 |
4 |
|a 176.4
|2 23
|
| 100 |
1 |
|
|a Cowan, John.
|
| 245 |
1 |
4 |
|a The science of a new life /
|c John Cowan.
|
| 260 |
|
|
|a New York :
|b Cowan,
|c 1880.
|
| 300 |
|
|
|a 405 p. :
|b ill. ;
|c 23 cm.
|
| 504 |
|
|
|a Includes index.
|
| 650 |
|
0 |
|a Sexual ethics.
|
| 650 |
|
0 |
|a Marriage.
|
| 852 |
8 |
|
|b CARM
|p 0589791
|f BK
|
| 852 |
8 |
|
|b SCAN
|h A3:AG16B0
|i B12168
|p 0589791
|f BK
|
| 999 |
f |
f |
|i 4ef5321e-1ccb-551a-bf49-912de4bbf7f2
|s 5fb98e3b-1456-586a-adfd-555a421838d2
|
| 952 |
f |
f |
|p Can circulate
|a CAVAL
|b CAVAL
|c CAVAL
|d CARM 1 Store
|i book
|m 0589791
|
| 952 |
f |
f |
|a CAVAL
|b CAVAL
|c CAVAL
|d Unmapped Location
|e B12168
|f A3:AG16B0
|h Other scheme
|